00731nam a2200265 a 4500001001300000003000900013005001700022008004100039020002300080082001700103100001300120245002700133260004000160300000900200500003500209505001000244650001100254650001100265650001400276700001300290902000800303942000700311952013000318999001700448nice12345678IN_TiNIC20260116013834.0050524s1966 dela grp 000 0 eng  a8170178 c15000a294.561bDAS aDas, G G aMystic Songs of Kabir. aDelhi bAbhinav Publications c1966 a124p aincludes index and biblioraphy2 aindex aBhakti aSufism aKabir Das1 aDas, G G bSRS cBK 001040708StackRoom-aHMIbHMId2007-07-25g150.00l1o294.561 DASp018020r2018-08-07s2018-07-27v150.00w2005-05-24yBK c12762d12762